[Event "Mechanics' Fall TNM; 30/90, SD/30"]
[Site "San Francisco"]
[Date "2011.10.25"]
[Round "2.6"]
[White "Salvo, Tab"]
[Black "Manvelyan, Hovik"]
[Result "0-1"]
[WhiteElo "1716"]
[BlackElo "2056"]
[PlyCount "90"]
[EventDate "2011.??.??"]

1. Nf3 Nf6 2. c4 g6 3. b3 Bg7 4. Bb2 d6 5. g3 O-O 6. Bg2 c6 7. O-O Bg4 8. d3
Qd7 9. Re1 Na6 10. Nbd2 Nc7 11. Qc2 Bh3 12. Bh1 h6 13. e4 Ng4 14. Bxg7 Kxg7 15.
d4 Rad8 16. Re2 e5 17. dxe5 dxe5 18. Qc3 f6 19. Bg2 Bxg2 20. Kxg2 h5 21. h3 Nh6
22. Qe3 Qd3 23. Rae1 b6 24. Qxd3 Rxd3 25. Re3 Rd7 26. b4 Rfd8 27. Nb3 Nf7 28.
c5 Na6 29. a3 Rd3 30. cxb6 axb6 31. Nbd2 Rxd2 32. Nxd2 Rxd2 33. Rc3 c5 34. bxc5
Nxc5 35. Kf1 Nd6 36. f3 Nb5 37. Rce3 Nd4 38. Rb1 Nd3 39. g4 Rf2+ 40. Kg1 Nxf3+
41. Rxf3 Rxf3 42. Kg2 Rf2+ 43. Kg3 h4+ 44. Kxh4 Rg2 45. Rxb6 g5+ 0-1

[Event "Mechanics' Fall TNM; 30/90, SD/30"]
[Site "San Francisco"]
[Date "2011.11.01"]
[Round "3.4"]
[White "Shakhnazarov, Oleg"]
[Black "Grey, Peter"]
[Result "1-0"]
[WhiteElo "2159"]
[BlackElo "2000"]
[PlyCount "61"]
[EventDate "2011.??.??"]

1. e4 e5 2. Nf3 Nc6 3. Bb5 Nf6 4. d4 exd4 5. e5 Ne4 6. O-O Be7 7. Re1 Nc5 8.
Nxd4 Nxd4 9. Qxd4 O-O 10. Nc3 c6 11. Be2 d5 12. a3 Bf5 13. b4 Ne6 14. Qd1 f6
15. g4 Bg6 16. f4 Qb6+ 17. Kh1 Qd4 18. f5 Qxc3 19. Bd2 Qxe5 20. Bd3 Qc7 21.
fxg6 Ng5 22. gxh7+ Nxh7 23. Qf3 Rfe8 24. Qf5 Nf8 25. Re3 Bd6 26. Rh3 Re5 27.
Qf2 Rae8 28. Qh4 Qe7 29. Rf1 Re4 30. Qh5 Qe5 31. g5 1-0

[Event "Mechanics' Fall TNM; 30/90, SD/30"]
[Site "San Francisco"]
[Date "2011.11.22"]
[Round "6.2"]
[White "Shakhnazarov, Oleg"]
[Black "Lee, Andy"]
[Result "0-1"]
[WhiteElo "2159"]
[BlackElo "2266"]
[PlyCount "138"]
[EventDate "2011.??.??"]

1. d4 Nf6 2. Nf3 g6 3. Bf4 Bg7 4. Nbd2 O-O 5. h3 c5 6. e3 b6 7. c3 d6 8. Be2
Ba6 9. Bxa6 Nxa6 10. O-O Qc8 11. Re1 Qb7 12. Qb1 Nc7 13. e4 cxd4 14. cxd4 Ne6
15. Be3 d5 16. e5 Ne4 17. Qd3 f5 18. Qb3 h6 19. Nxe4 fxe4 20. Nd2 Qd7 21. a4
Kh7 22. a5 Rab8 23. a6 g5 24. Qd1 Nf4 25. Qg4 Qxg4 26. hxg4 Nd3 27. Reb1 Rbc8
28. b4 Rc2 29. Rd1 Nxb4 30. Rf1 Rfc8 31. Rab1 Nd3 32. f3 Nxe5 33. dxe5 d4 34.
Bxg5 e3 35. Bxe3 dxe3 36. Ne4 Bxe5 37. Rfe1 Ra2 38. Rb5 Bd4 39. Rd5 Rc4 40. Kh2
Rxa6 41. Kg3 Ra5 42. Rd7 Be5+ 43. Kh4 Rc7 44. Rd8 Ra3 45. Rd5 Bg7 46. g5 hxg5+
47. Nxg5+ Kg6 48. f4 Bf6 49. Kg4 Rc2 50. g3 e2 51. f5+ Kg7 52. Ne6+ Kf7 53. Rd8
Bg7 54. Ng5+ Kf6 55. Rd5 Ra4+ 56. Kh5 Ra5 57. Ne4+ Kf7 58. Ng5+ Ke8 59. Rd3
Rxf5 60. Kg6 Rxg5+ 61. Kxg5 Bc3 62. Rxe2 Bf6+ 63. Kf5 Rxe2 64. g4 Re5+ 65. Kf4
a5 66. Rb3 b5 67. Ra3 a4 68. Rd3 b4 69. Rd5 Rxd5 0-1

[Event "Mechanics' Fall TNM; 30/90, SD/30"]
[Site "San Francisco"]
[Date "2011.12.13"]
[Round "9.5"]
[White "Shakhnazarov, Oleg"]
[Black "Manvelyan, Hovik"]
[Result "1-0"]
[WhiteElo "2159"]
[BlackElo "2056"]
[PlyCount "79"]
[EventDate "2011.??.??"]

1. e4 c6 2. d4 d5 3. e5 Bf5 4. Nc3 e6 5. h4 h5 6. Be2 Be7 7. Nf3 Nd7 8. a3 c5
9. dxc5 Bxc5 10. b4 Bb6 11. Nb5 Kf8 12. Bb2 f6 13. exf6 Ngxf6 14. Ng5 Qe7 15.
c4 a6 16. Nd4 Bxd4 17. Qxd4 e5 18. Qe3 d4 19. Qf3 g6 20. Qxb7 Kg7 21. O-O Rhb8
22. Qf3 Nc5 23. Rfe1 Na4 24. Qb3 Nxb2 25. Qxb2 Ra7 26. Bf3 Rc7 27. Rac1 a5 28.
b5 Qd6 29. Qd2 d3 30. a4 Rbc8 31. Bc6 Nd7 32. Nf3 Rxc6 33. bxc6 Rxc6 34. Qxa5
Ra6 35. Qc3 Rxa4 36. c5 Qa6 37. Nxe5 Ra3 38. Qd4 Ra4 39. Nc4+ Qf6 40. Re7+ 1-0

[Event "Mechanics' Fall TNM; 30/90, SD/30"]
[Site "San Francisco"]
[Date "2011.10.18"]
[Round "1.5"]
[White "Shakhnazarov, Oleg"]
[Black "Sherwood, Peter"]
[Result "1-0"]
[WhiteElo "2159"]
[BlackElo "1766"]
[PlyCount "47"]
[EventDate "2011.??.??"]

1. e4 c5 2. Nf3 d6 3. Bc4 e6 4. O-O Nc6 5. c3 Nf6 6. d4 Be7 7. d5 exd5 8. exd5
Nb8 9. Qd3 O-O 10. Bg5 Nbd7 11. Nbd2 Re8 12. Rfe1 a6 13. a4 Nb6 14. a5 Nxc4 15.
Nxc4 Bg4 16. Nb6 Rb8 17. Re3 Nd7 18. Rae1 f6 19. Qe4 Bh5 20. Qe6+ Bf7 21. Qxd7
Qxd7 22. Nxd7 Rbd8 23. Rxe7 fxg5 24. Nb6 1-0

[Event "Mechanics' Fall TNM; 30/90, SD/30"]
[Site "San Francisco"]
[Date "2011.11.15"]
[Round "5.4"]
[White "Shakhnazarov, Oleg"]
[Black "Todortsev, Victor"]
[Result "1-0"]
[WhiteElo "2159"]
[BlackElo "1938"]
[Annotator "Donaldson"]
[PlyCount "47"]
[EventDate "2011.??.??"]

1. e4 c5 2. Nf3 Nc6 3. Nc3 e6 4. d4 cxd4 5. Nxd4 d5 $2 6. exd5 exd5 7. Bb5 Nge7
$2 8. Bg5 Qd6 9. O-O a6 10. Re1 $1 Be6 (10... axb5 11. Ndxb5 Qd7 12. Nxd5 $18)
11. Ba4 O-O-O 12. Bxc6 Nxc6 13. Nxc6 Qxc6 14. Bxd8 Kxd8 15. Qf3 Kc8 16. Rad1
Bb4 17. Rd3 Kb8 18. Qg3+ Ka8 19. Qxg7 Rd8 20. Red1 Bc5 21. Ne2 Qb6 22. Nd4 Qxb2
23. Nxe6 Bxf2+ (23... fxe6 24. Qxb2) 24. Kxf2 1-0

[Event "Mechanics' Fall TNM; 30/90, SD/30"]
[Site "San Francisco"]
[Date "2011.11.29"]
[Round "7.22"]
[White "Sherwood, Peter"]
[Black "Henry, Joseph"]
[Result "1-0"]
[WhiteElo "1766"]
[BlackElo "1287"]
[PlyCount "57"]
[EventDate "2011.??.??"]

1. e4 c5 2. Nf3 Nc6 3. d4 cxd4 4. Nxd4 Qb6 5. Nb3 Nf6 6. Nc3 d6 7. Be3 Qd8 8.
f3 g6 9. Qd2 Bg7 10. O-O-O Be6 11. g4 a6 12. Bh6 O-O 13. Bxg7 Kxg7 14. h4 Rc8
15. h5 Nb4 16. Kb1 Bxb3 17. cxb3 Qa5 18. hxg6 fxg6 19. a3 Kg8 20. axb4 Qxb4 21.
Bc4+ Rxc4 22. bxc4 Qxc4 23. Qd4 Qb3 24. Qa4 Qb6 25. Nd5 Nxd5 26. Rxd5 Rxf3 27.
Qe8+ Rf8 28. Qxe7 Rf2 29. Qxh7+ 1-0

[Event "Mechanics' Fall TNM; 30/90, SD/30"]
[Site "San Francisco"]
[Date "2011.12.13"]
[Round "9.13"]
[White "Sherwood, Peter"]
[Black "Lacounte, Brendan"]
[Result "0-1"]
[WhiteElo "1766"]
[BlackElo "1686"]
[PlyCount "72"]
[EventDate "2011.??.??"]

1. e4 c5 2. Nf3 e6 3. d4 cxd4 4. Nxd4 a6 5. Bd3 Nf6 6. O-O Nc6 7. c3 Qc7 8. Nd2
Bc5 9. N2f3 d6 10. Qe2 Ng4 11. Nxc6 bxc6 12. Bf4 e5 13. Bg3 O-O 14. h3 Nf6 15.
Rad1 Be6 16. b4 Bb6 17. Rfe1 a5 18. Ng5 Bc8 19. Bc4 h6 20. Nf3 Qe7 21. Bb3 Be6
22. Bxe6 Qxe6 23. Rd2 axb4 24. cxb4 Rfd8 25. Red1 Ra3 26. Kf1 Ne8 27. Nxe5 dxe5
28. Rxd8 Bxd8 29. Rxd8 Qe7 30. Qd2 Kh7 31. f3 Nf6 32. Rb8 Qa7 33. Bxe5 Nd7 34.
Re8 Nxe5 35. Rxe5 Rxa2 36. Qd3 Qf2# 0-1

[Event "Mechanics' Fall TNM; 30/90, SD/30"]
[Site "San Francisco"]
[Date "2011.11.15"]
[Round "5.22"]
[White "Sherwood, Peter"]
[Black "Malvar, Melchor"]
[Result "0-1"]
[WhiteElo "1766"]
[BlackElo "1574"]
[PlyCount "88"]
[EventDate "2011.??.??"]

1. e4 g6 2. d4 Bg7 3. Nc3 d6 4. f4 c6 5. Nf3 Bg4 6. Be2 Nd7 7. O-O Nb6 8. Be3
Qc7 9. a4 a5 10. Qd2 Nf6 11. h3 Be6 12. Ng5 Bc4 13. Rad1 h6 14. Nf3 O-O 15. b3
Bxe2 16. Qxe2 Nbd7 17. Qd2 Kh7 18. Qf2 Rab8 19. Qh4 b5 20. Rd2 b4 21. Ne2 Nxe4
22. Rd3 Ndf6 23. Ng3 Nxg3 24. Qxg3 Ne4 25. Qh4 Bf6 26. Qe1 e6 27. Bc1 Nc3 28.
Qd2 Bg7 29. Re1 Nd5 30. Qf2 Qd7 31. Qh4 f6 32. Qg4 Rbe8 {draw offer} 33. Nh4
Qf7 34. Rg3 f5 35. Qd1 Rg8 36. Rxg6 Bxd4+ 37. Qxd4 Rxg6 38. Nxg6 Qxg6 39. Bb2
c5 40. Qc4 Rg8 41. Re2 Ne3 42. Qd3 Nxg2 43. Rxe6 Qxe6 44. Kh2 Nxf4 0-1

[Event "Mechanics' Fall TNM; 30/90, SD/30"]
[Site "San Francisco"]
[Date "2011.10.25"]
[Round "2.23"]
[White "Sherwood, Peter"]
[Black "Mar, Henry"]
[Result "1-0"]
[WhiteElo "1766"]
[BlackElo "1527"]
[PlyCount "93"]
[EventDate "2011.??.??"]

1. e4 c6 2. d4 d5 3. Nc3 dxe4 4. Nxe4 Bf5 5. Ng3 Bg6 6. h4 h5 7. Nf3 f6 8. Bf4
e6 9. Bc4 Bf7 10. Qe2 Be7 11. Bxe6 Bxe6 12. Qxe6 Qd7 13. Qe4 Kf7 14. O-O-O Qd5
15. Qxd5+ cxd5 16. Rhe1 Nc6 17. c3 g6 18. Re2 Rc8 19. Rde1 Nb4 20. Kd2 Nc6 21.
Nf1 Na5 22. Ne3 Nc4+ 23. Kd3 Nb6 24. Nc2 a5 25. Re6 Nc4 26. Bc1 Rc6 27. Rxc6
bxc6 28. Nd2 Nd6 29. g3 Nh6 30. Ne3 Rd8 31. Nb3 Ne4 32. Re2 c5 33. Nxd5 Nxf2+
34. Rxf2 Rxd5 35. Bxh6 cxd4 36. Nxd4 Bc5 37. Be3 Bd6 38. Rf3 Be5 39. Ke4 Rd6
40. Bf4 Bxf4 41. Rxf4 f5+ 42. Kd3 Rb6 43. b3 Rb7 44. Nf3 Kf6 45. Rd4 Rb6 46. c4
a4 47. c5 1-0

[Event "Mechanics' Fall TNM; 30/90, SD/30"]
[Site "San Francisco"]
[Date "2011.11.01"]
[Round "3.11"]
[White "Sherwood, Peter"]
[Black "Todortsev, Victor"]
[Result "0-1"]
[WhiteElo "1766"]
[BlackElo "1938"]
[PlyCount "48"]
[EventDate "2011.??.??"]

1. e4 c5 2. Nf3 Nc6 3. d4 cxd4 4. Nxd4 Nf6 5. Nc3 d6 6. f3 g6 7. Be3 Bg7 8. Qd2
O-O 9. O-O-O Bd7 10. g4 Qa5 11. Nb3 Qd8 12. h4 h5 13. gxh5 Nxh5 14. Bh6 a5 15.
Bxg7 Kxg7 16. Rg1 a4 17. Nc5 a3 18. b3 Be6 19. Nxe6+ fxe6 20. Qg5 Nf4 21. Ne2
Ra5 22. Rd5 Rxd5 23. exd5 Qa5 24. Bh3 Nxe2+ 0-1

[Event "Mechanics' Fall TNM; 30/90, SD/30"]
[Site "San Francisco"]
[Date "2011.12.13"]
[Round "9.16"]
[White "Standen, Julian"]
[Black "Allen, Tom"]
[Result "1-0"]
[WhiteElo "1686"]
[BlackElo "1574"]
[PlyCount "59"]
[EventDate "2011.??.??"]

1. d4 d5 2. Nf3 Nf6 3. e3 Bf5 4. c4 e6 5. Nc3 c5 6. cxd5 exd5 7. Qb3 Nc6 8.
Qxb7 Nb4 9. Bb5+ Bd7 10. Bxd7+ Nxd7 11. Nxd5 Bd6 12. Nxb4 cxb4 13. Qe4+ Be7 14.
O-O O-O 15. Bd2 Nf6 16. Qd3 a5 17. Rac1 Qd7 18. Rc2 Rac8 19. Rfc1 Rxc2 20. Qxc2
Bd6 21. e4 Bb8 22. Bg5 Nh5 23. e5 h6 24. Be3 g5 25. g3 f5 26. Qc6 Qg7 27. Qe6+
Kh7 28. Rc8 Rxc8 29. Qxc8 f4 30. Qf5+ 1-0

[Event "Mechanics' Fall TNM; 30/90, SD/30"]
[Site "San Francisco"]
[Date "2011.11.08"]
[Round "4.13"]
[White "Standen, Julian"]
[Black "Banik, Siddharth"]
[Result "0-1"]
[WhiteElo "1686"]
[BlackElo "1974"]
[PlyCount "22"]
[EventDate "2011.??.??"]

1. d4 d5 2. Nf3 Nf6 3. e3 g6 4. Bd3 Bg7 5. Nbd2 O-O 6. O-O c5 7. c3 Nc6 8. dxc5
Nd7 9. Nb3 e5 10. e4 Nf6 11. Re1 $4 dxe4 0-1

[Event "Mechanics' Fall TNM; 30/90, SD/30"]
[Site "San Francisco"]
[Date "2011.11.29"]
[Round "7.18"]
[White "Standen, Julian"]
[Black "James, Charles"]
[Result "1-0"]
[WhiteElo "1686"]
[BlackElo "1552"]
[PlyCount "65"]
[EventDate "2011.??.??"]

1. d4 Nf6 2. Nf3 d5 3. e3 g6 4. Bd3 Bg7 5. Nbd2 O-O 6. O-O Nbd7 7. c3 c5 8. Re1
Re8 9. e4 e5 10. dxe5 Nxe5 11. Nxe5 Rxe5 12. Qc2 c4 13. Bf1 b5 14. b3 Bb7 15.
bxc4 dxc4 16. Ba3 Qb6 17. Rab1 Qc6 18. f3 Rd8 19. Bc1 Bh6 20. Nxc4 Rh5 21. Bxh6
bxc4 22. Bf4 Nd7 23. Red1 f5 24. exf5 Rxf5 25. Bg3 Rdf8 26. Bxc4+ Kg7 27. Bf1
Ne5 28. Bxe5+ Rxe5 29. Qd2 Rd5 30. Qb2 Rxf3 31. Rxd5 Rxf1+ 32. Rxf1 Qxd5 33.
c4+ 1-0

[Event "Mechanics' Fall TNM; 30/90, SD/30"]
[Site "San Francisco"]
[Date "2011.10.25"]
[Round "2.11"]
[White "Standen, Julian"]
[Black "Wong, Russell"]
[Result "0-1"]
[WhiteElo "1686"]
[BlackElo "2200"]
[PlyCount "50"]
[EventDate "2011.??.??"]

1. d4 Nf6 2. Nf3 d6 3. Nbd2 c5 4. dxc5 dxc5 5. e4 e6 6. Bb5+ Bd7 7. Qe2 Nc6 8.
c3 Be7 9. O-O O-O 10. Re1 Qc7 11. Nf1 a6 12. Ba4 Nd4 13. Nxd4 Bxa4 14. Nf3 Rfd8
15. b3 Bc6 16. Ng3 Rd7 17. c4 Rad8 18. Bb2 Qa5 19. Bc1 b5 20. e5 Bxf3 21. Qe3
$4 Qxe1+ 22. Qxe1 Rd1 23. Be3 Rxe1+ 24. Rxe1 Ng4 25. gxf3 Nxe5 0-1

[Event "Mechanics' Fall TNM; 30/90, SD/30"]
[Site "San Francisco"]
[Date "2011.11.22"]
[Round "6.9"]
[White "Todortsev, Victor"]
[Black "Abraham, Renjish"]
[Result "1-0"]
[WhiteElo "1938"]
[BlackElo "1884"]
[Annotator "Donaldson"]
[PlyCount "61"]
[EventDate "2011.??.??"]

1. e4 c5 2. Nf3 d6 3. d4 cxd4 4. Nxd4 Nf6 5. Nc3 g6 6. Be3 Bg7 7. f3 Nc6 8. Qd2
Bd7 9. Bc4 a6 10. O-O-O Rc8 11. Bb3 b5 12. g4 h5 13. gxh5 Rxh5 14. Nde2 Ne5 15.
Nf4 Rh7 16. Nfd5 Nxd5 17. Nxd5 Nc4 18. Bxc4 Rxc4 19. b3 Rc6 20. Bd4 Bxd4 21.
Qxd4 a5 22. h4 e5 23. Qd2 a4 24. Qg5 Qxg5+ 25. hxg5 Rxh1 26. Rxh1 Be6 27. Nf6+
Kd8 28. Kd2 axb3 29. axb3 Kc7 30. Rh8 b4 31. Ne8+ {
The position is equal, but Black saw a ghost.} 1-0

[Event "Mechanics' Fall TNM; 30/90, SD/30"]
[Site "San Francisco"]
[Date "2011.11.29"]
[Round "7.4"]
[White "Todortsev, Victor"]
[Black "Banik, Siddharth"]
[Result "1-0"]
[WhiteElo "1938"]
[BlackElo "1974"]
[PlyCount "65"]
[EventDate "2011.??.??"]

1. d4 d5 2. c4 dxc4 3. e3 Nf6 4. Bxc4 a6 5. a4 e6 6. Nf3 c5 7. O-O Nc6 8. Nc3
Qc7 9. d5 exd5 10. Nxd5 Nxd5 11. Qxd5 Be6 12. Qe4 Qe7 13. Bd2 Bxc4 14. Qxc4 Ne5
15. Nxe5 Qxe5 16. Bc3 Qc7 17. f4 Bd6 18. Bxg7 Rg8 19. Qe4+ Qe7 20. Qxe7+ Kxe7
21. Bc3 f5 22. e4 fxe4 23. Rae1 Ke6 24. Rxe4+ Kf5 25. Re2 c4 26. g3 b5 27. axb5
axb5 28. Rd1 Bc5+ 29. Kg2 Kg6 30. Rd5 Ba7 31. Rxb5 Rae8 32. Rg5+ Kf7 33. Rxe8
1-0

[Event "Mechanics' Fall TNM; 30/90, SD/30"]
[Site "San Francisco"]
[Date "2011.10.25"]
[Round "2.17"]
[White "Todortsev, Victor"]
[Black "Bertot, German"]
[Result "1-0"]
[WhiteElo "1938"]
[BlackElo "1629"]
[PlyCount "79"]
[EventDate "2011.??.??"]

1. e4 e5 2. Nf3 Nc6 3. Bc4 Bc5 4. c3 Nf6 5. O-O d6 6. d4 exd4 7. cxd4 Bb6 8. h3
O-O 9. Nc3 h6 10. Be3 Nxe4 11. Nxe4 d5 12. Bd3 dxe4 13. Bxe4 Qd6 14. Rc1 Bd7
15. Bc2 Nb4 16. Bb1 Nd5 17. Qd3 Nf6 18. Ne5 Rae8 19. f4 Be6 20. Rf3 Bd5 21. Rg3
Be4 22. Qd1 Qe6 23. Bxe4 Nxe4 24. Rf3 Qf5 25. g4 Qf6 26. Kh2 Qe6 27. Qd3 Nd6
28. f5 Qe7 29. Rcf1 Rd8 30. f6 Qe6 31. fxg7 Kxg7 32. Rf6 Qxf6 33. Rxf6 Kxf6 34.
Bxh6 Rg8 35. Bf4 Ke6 36. d5+ Ke7 37. Qe2 Kf8 38. Bh6+ Ke7 39. Nxf7+ Kxf7 40.
Qe6# 1-0

[Event "Mechanics' Fall TNM; 30/90, SD/30"]
[Site "San Francisco"]
[Date "2011.11.08"]
[Round "4.11"]
[White "Todortsev, Victor"]
[Black "Karas, Nicholas"]
[Result "1-0"]
[WhiteElo "1938"]
[BlackElo "2103"]
[PlyCount "103"]
[EventDate "2011.??.??"]

1. e4 c5 2. Nf3 d6 3. d4 cxd4 4. Nxd4 Nf6 5. Nc3 a6 6. a4 e5 7. Nf3 Qc7 8. Be2
Be7 9. O-O O-O 10. Bg5 Nbd7 11. Qd2 b6 12. Rfe1 Bb7 13. Bf1 Rac8 14. Rad1 Qb8
15. Nh4 g6 16. Re3 Rxc3 17. bxc3 Nxe4 18. Rxe4 Bxg5 19. Qxg5 Bxe4 20. Qe7 Bxc2
21. Rxd6 Bxa4 22. Rxd7 Bxd7 23. Qxd7 Qd8 24. Qg4 b5 25. Nf5 Kh8 26. Ne3 f5 27.
Qb4 Rf6 28. c4 bxc4 29. Nxc4 Qc7 30. g3 Kg7 31. Qd2 h6 32. Qd5 e4 33. h4 Qf7
34. Qd4 Kh7 35. Ne5 Qg7 36. Bc4 Qe7 37. Qd5 Rf8 38. h5 gxh5 39. Nd7 Rd8 40.
Qxf5+ Kg7 41. Be6 Kh8 42. Ne5 Rd1+ 43. Kg2 Qe8 44. Qf6+ Kh7 45. Bf7 Qf8 46.
Bg6+ Kg8 47. Bh7+ Kxh7 48. Qxf8 Rd6 49. Qxd6 Kg7 50. Qe7+ Kh8 51. Qf7 e3 52.
Ng6# 1-0

[Event "Mechanics' Fall TNM; 30/90, SD/30"]
[Site "San Francisco"]
[Date "2011.12.13"]
[Round "9.7"]
[White "Watson, Farid"]
[Black "Abraham, Renjish"]
[Result "1-0"]
[WhiteElo "2010"]
[BlackElo "1884"]
[PlyCount "103"]
[EventDate "2011.??.??"]

1. e4 c5 2. Nf3 d6 3. d4 cxd4 4. Nxd4 Nf6 5. Nc3 g6 6. Be3 Bg7 7. f3 a6 8. Qd2
Nc6 9. O-O-O Bd7 10. h4 h5 11. Kb1 Rc8 12. g3 Ne5 13. Be2 b5 14. Rc1 b4 15. Nd1
a5 16. Nf2 Rb8 17. f4 Nc6 18. Rhe1 Nxd4 19. Bxd4 Bc6 20. Bd3 Rb7 21. Nh3 O-O
22. Ng5 Nh7 23. Ba6 Rd7 24. Bxg7 Kxg7 25. f5 Nxg5 26. hxg5 Qb6 27. Bd3 a4 28.
c3 Rb7 29. cxb4 a3 30. Qc3+ f6 31. Qxc6 Qxb4 32. Qc3 Qxb2+ 33. Qxb2 Rxb2+ 34.
Ka1 fxg5 35. Rc3 Rg2 36. Bb1 gxf5 37. exf5 Kf6 38. Rxa3 h4 39. Re6+ Kf7 40.
gxh4 gxh4 41. Rae3 Re8 42. f6 h3 43. Rxe7+ Rxe7 44. fxe7 Ke8 45. Bd3 Rg5 46.
Bc4 Re5 47. Rxe5 dxe5 48. Bd5 Kxe7 49. Kb2 Kf6 50. Be4 Kg5 51. Kc3 Kf6 52. a4
1-0

[Event "Mechanics' Fall TNM; 30/90, SD/30"]
[Site "San Francisco"]
[Date "2011.11.29"]
[Round "7.9"]
[White "Watson, Farid"]
[Black "Ganesh, Vikram"]
[Result "1-0"]
[WhiteElo "2010"]
[BlackElo "1787"]
[PlyCount "61"]
[EventDate "2011.??.??"]

1. e4 c6 2. d4 d5 3. exd5 cxd5 4. Bd3 Nc6 5. c3 e6 6. Nf3 Bd6 7. O-O Nf6 8. Bg5
h6 9. Bh4 Bd7 10. Re1 O-O 11. Nbd2 Be7 12. Rc1 Nh5 13. Bxe7 Qxe7 14. c4 Nf4 15.
Bb1 Nb4 16. Qb3 dxc4 17. Nxc4 Bc6 18. a3 Bxf3 19. Qxf3 Nbd5 20. Ne3 Qg5 21. Rc5
b6 22. Rc6 Rad8 23. Rec1 Rd7 24. g3 Ng6 25. Rc8 Rdd8 26. Rxd8 Rxd8 27. Qe4 Nf6
28. Qb7 Rd7 29. Rc8+ Kh7 30. Qa8 Nd5 31. Rh8# 1-0

[Event "Mechanics' Fall TNM; 30/90, SD/30"]
[Site "San Francisco"]
[Date "2011.11.01"]
[Round "3.9"]
[White "Watson, Farid"]
[Black "Lacounte, Brendan"]
[Result "1-0"]
[WhiteElo "2010"]
[BlackElo "1686"]
[PlyCount "113"]
[EventDate "2011.??.??"]

1. e4 e6 2. d4 d5 3. Nc3 dxe4 4. Nxe4 Bd7 5. Nf3 Bc6 6. Bd3 Nd7 7. O-O Ngf6 8.
Qe2 Be7 9. Rd1 O-O 10. Nxf6+ Nxf6 11. Ne5 Qd5 12. Nxc6 Qxc6 13. c4 Rfd8 (13...
Rfe8) 14. Be3 (14. d5) 14... Qb6 15. a3 c5 16. dxc5 Bxc5 17. Bxc5 Qxc5 18. b4
Qc7 19. Ra2 Rd7 20. Rad2 Rad8 21. Bc2 Ng4 22. g3 Rxd2 23. Rxd2 Rxd2 24. Qxd2
Ne5 25. Qf4 f6 26. c5 Qd7 27. Be4 Nc6 28. Kg2 e5 29. Qf5 Qxf5 30. Bxf5 Nd4 31.
Be4 b6 32. cxb6 axb6 33. a4 Kf7 34. a5 bxa5 35. bxa5 Nb5 36. h4 g6 37. Bd3 Na7
38. g4 h6 39. Kf3 g5 40. h5 Ke6 41. Ke4 Nc8 42. Bc4+ Kd7 43. Kd5 Ne7+ 44. Kc5
Kc7 45. Bd5 Nc8 46. Be4 Kb8 47. Kc6 Ka7 48. Kd7 Kb8 49. Ke6 Ka7 50. Kxf6 Nd6
51. Kxe5 Nc4+ 52. Kf6 Nd6 53. Bd3 Nc8 54. Kg6 Nd6 55. Kxh6 Nf7+ 56. Kg7 Ne5 57.
Be2 1-0

[Event "Mechanics' Fall TNM; 30/90, SD/30"]
[Site "San Francisco"]
[Date "2011.11.15"]
[Round "5.9"]
[White "Watson, Farid"]
[Black "Woebcke, Carl"]
[Result "1-0"]
[WhiteElo "2010"]
[BlackElo "1832"]
[PlyCount "43"]
[EventDate "2011.??.??"]

1. e4 c5 2. Nf3 d6 3. d4 cxd4 4. Nxd4 Nf6 5. Nc3 a6 6. Be3 e5 7. Nb3 Be6 8. Be2
Nbd7 9. g4 h6 10. Rg1 Nb6 11. Qd2 Rc8 12. f3 Nc4 13. Bxc4 Bxc4 14. O-O-O Bxb3
15. axb3 Qa5 16. Kb1 Be7 17. g5 hxg5 18. Bxg5 Rc6 19. h4 Kd7 20. f4 Kc7 21.
Bxf6 Rxc3 22. Bxe7 1-0

[Event "Mechanics' Fall TNM; 30/90, SD/30"]
[Site "San Francisco"]
[Date "2011.11.01"]
[Round "3.5"]
[White "Winslow, Elliott"]
[Black "Khristoforov, Sergey"]
[Result "1-0"]
[WhiteElo "2421"]
[BlackElo "1999"]
[Annotator "Donaldson"]
[PlyCount "65"]
[EventDate "2011.??.??"]

1. d4 d5 2. c4 c6 3. Nc3 Nf6 4. Nf3 e6 5. e3 Nbd7 6. Qc2 Be7 7. Bd2 O-O 8. Rg1
b6 9. g4 Bb7 10. g5 Ne8 11. h4 g6 12. Ne5 Ng7 13. f4 f5 14. O-O-O Rc8 15. Kb1
c5 16. cxd5 cxd4 17. exd4 Bxd5 18. Bg2 Bxg2 19. Rxg2 Nxe5 20. dxe5 Bb4 21. Be3
Qe7 22. Qa4 Bxc3 23. bxc3 Rxc3 24. Rd7 Qa3 25. Qxa3 Rxa3 26. Bc1 Ra4 27. Rc2
Ne8 28. Re7 Rb4+ 29. Ka1 Ra4 30. Rxe6 Kf7 31. Rec6 h6 $4 (31... Ng7 32. Rc7+
Kg8 33. Re7 (33. Rb7 Ne6) 33... Re8 $14) 32. e6+ Ke7 33. Rd2 1-0

[Event "Mechanics' Fall TNM; 30/90, SD/30"]
[Site "San Francisco"]
[Date "2011.11.22"]
[Round "6.1"]
[White "Winslow, Elliott"]
[Black "Manvelyan, Hayk"]
[Result "1/2-1/2"]
[WhiteElo "2421"]
[BlackElo "2202"]
[PlyCount "58"]
[EventDate "2011.??.??"]

1. e4 c5 2. Nf3 e6 3. d4 cxd4 4. Nxd4 Nf6 5. Nc3 d6 6. Be2 Be7 7. f4 Nc6 8. Be3
O-O 9. O-O Bd7 10. Nb3 a6 11. a4 b6 12. Rf2 Qc7 13. Bf3 Rab8 14. Qe2 Nb4 15.
Rd1 Rfd8 16. Bd4 Bc8 17. e5 Ne8 18. Be4 d5 19. Bd3 Bc5 20. Qe3 Bxd4 21. Qxd4
Nc6 22. Qe3 d4 23. Qh3 dxc3 24. Qxh7+ Kf8 25. bxc3 Bb7 26. Qh8+ Ke7 27. Qh4+
Kf8 28. Qh8+ Ke7 29. Qh4+ Kf8 1/2-1/2

[Event "Mechanics' Fall TNM; 30/90, SD/30"]
[Site "San Francisco"]
[Date "2011.11.08"]
[Round "4.2"]
[White "Winslow, Elliott"]
[Black "Shakhnazarov, Oleg"]
[Result "1-0"]
[WhiteElo "2421"]
[BlackElo "2159"]
[PlyCount "69"]
[EventDate "2011.??.??"]

1. e4 c5 2. Nf3 Nc6 3. d4 cxd4 4. Nxd4 e5 5. Nb5 d6 6. a4 a6 7. N5a3 Be6 8. Nc3
Nf6 9. Bc4 Be7 10. O-O O-O 11. Re1 Rc8 12. Nd5 Nd7 13. Be3 Bg5 14. c3 Bxe3 15.
Rxe3 Nb6 16. Nxb6 Qxb6 17. Bxe6 fxe6 18. b4 Ne7 19. a5 Qc6 20. c4 Rcd8 21. Qb3
Kh8 22. Rd1 d5 23. exd5 exd5 24. Rxe5 dxc4 25. Qc2 Rxd1+ 26. Qxd1 Qf6 27. Qe1
Nc6 28. Re8 Nxb4 29. Nxc4 h6 30. Rxf8+ Qxf8 31. h4 Nc6 32. Qe6 Qd8 33. Nd6 Qxa5
34. g4 Ne5 35. Qxe5 1-0

[Event "Mechanics' Fall TNM; 30/90, SD/30"]
[Site "San Francisco"]
[Date "2011.10.18"]
[Round "1.1"]
[White "Winslow, Elliott"]
[Black "Woebcke, Carl"]
[Result "1/2-1/2"]
[WhiteElo "2421"]
[BlackElo "1832"]
[PlyCount "81"]
[EventDate "2011.??.??"]

1. e4 c5 2. Nf3 d6 3. d4 cxd4 4. Nxd4 Nf6 5. Nc3 a6 6. a4 Nc6 7. Be2 e5 8. Nf3
h6 9. h3 Be6 10. Be3 Be7 11. Nd5 Nxd5 12. exd5 Qa5+ 13. Nd2 Qxd5 14. O-O Qa5
15. Nc4 Bxc4 16. Bxc4 Rd8 17. c3 Qc7 18. a5 Nxa5 19. Bxf7+ Kxf7 20. Qd5+ Ke8
21. Rxa5 Rf8 22. Rd1 Rf7 23. Ra4 Rd7 24. Rg4 Kf8 25. Qe4 Bf6 26. Rd5 Qc6 27.
Qd3 b5 28. c4 b4 29. c5 dxc5 30. Bxc5+ Kg8 31. Rxd7 Rxd7 32. Qb3+ Qd5 33. Rxb4
Qxb3 34. Rxb3 Rd1+ 35. Kh2 e4 36. Ra3 Bxb2 37. Rxa6 Be5+ 38. g3 Rd5 39. Be3 Bd4
40. Re6 Re5 41. Rxe5 1/2-1/2

[Event "Mechanics' Fall TNM; 30/90, SD/30"]
[Site "San Francisco"]
[Date "2011.12.13"]
[Round "9.1"]
[White "Winslow, Elliott"]
[Black "Wong, Russell"]
[Result "0-1"]
[WhiteElo "2421"]
[BlackElo "2200"]
[Annotator "Donaldson"]
[PlyCount "74"]
[EventDate "2011.??.??"]

1. Nf3 Nf6 2. c4 b6 3. g3 Bb7 4. Bg2 e6 5. O-O Be7 6. Nc3 O-O 7. Re1 c5 8. e4
d6 9. d4 Nbd7 10. d5 (10. e5 $1) 10... e5 11. Nh4 Ne8 12. Nf5 g6 13. Nxe7+ Qxe7
14. f4 Ng7 15. f5 gxf5 16. Bh3 f4 17. gxf4 Bc8 18. f5 Kh8 19. Qf3 Qh4 20. Be3
Nh5 21. Kh1 Nf4 22. Bf1 Rg8 23. Be2 Ba6 24. Bf2 Qh6 25. Rg1 Nh3 26. Be3 $4 (26.
Rxg8+ Rxg8 27. Be3 $11) 26... Nxg1 27. Rxg1 Rxg1+ 28. Kxg1 Rg8+ 29. Kh1 Qh4 30.
Qf1 Nf6 31. Bf3 Bxc4 32. Qf2 Qh3 33. Ne2 Ng4 34. Bxg4 Qxg4 35. Ng3 Bd3 36. Qg2
Qd1+ 37. Bg1 Qe1 0-1